Revue économique du Sud-Ouest

Guardado en:
Detalles Bibliográficos
Formato: Seriadas
Lenguaje:francés
Publicado: Bordeaux Biére
Etiquetas: Agregar Etiqueta
Sin Etiquetas, Sea el primero en etiquetar este registro!

MARC

LEADER 00000nas1a22000001 4500
001 s120674
005 20041019155346.4
041 0 |a fre 
044 |a FR 
245 1 0 |a Revue économique du Sud-Ouest 
264 1 |a Bordeaux  |b Biére